| 000 | 00802nam a2200217Ia 4500 | ||
|---|---|---|---|
| 003 | GCL | ||
| 005 | 20240530103815.0 | ||
| 008 | 140319s9999 xx 000 0 ara d | ||
| 040 |
_aGCL / _cGCL |
||
| 082 | 0 | 4 |
_a348.04 _bف م |
| 100 | 0 | _aفتيحة محمود قره | |
| 245 | 1 | 0 |
_aمجموعة المبادى القانونية التى قررتها محكمة النقض: الدائرة المدنية فى خمس سنوات من 1979 - 1984 / _cفتيحة محمود قره |
| 260 |
_a[S.N] : _bدار المطبوعات الجامعية ، _c1985 |
||
| 300 | _a621 ص | ||
| 650 | 0 | 4 | _aالقانون |
| 650 | 0 | 4 | _aالاحوال الشخصية |
| 650 | 0 | 4 | _aقوانين وتشريعات |
| 650 | 0 | 4 | _aالمحاكم |
| 650 | 0 | 4 | _aمحاكم النقض والابرام |
| 942 |
_2ddc _cBK |
||
| 999 |
_c42639 _d42639 |
||